KOHA-Header-6

Algebra For Collage Students (Record no. 6902)

000 -LEADER
fixed length control field 00257nam a2200109Ia 4500
100 ## - MAIN ENTRY--AUTHOR NAME
Personal name Kolman,Bernard
245 #0 - TITLE STATEMENT
Title Algebra For Collage Students
260 ## - PUBLICATION, DISTRIBUTION, ETC. (IMPRINT)
Place of publication USA
Name of publisher Pearson
Year of publication 1968
300 ## - PHYSICAL DESCRIPTION
Number of Pages 549
942 ## - ADDED ENTRY ELEMENTS (KOHA)
Koha item type Books
Holdings
Withdrawn status Lost status Collection code Permanent Location Current Location Shelving location Date acquired Full call number Accession Number Koha item type
    Mathematics MAJU MAJU Shelf No.A26 2019-09-11 297.23 410 Mathematics

Powered by Koha